000 01255nam a2200325Ia 4500
001 u21959
003 SIRSI
005 20180219123714.0
007 he|amb|||bacu
008 000820s1979 ua a bb 0000 0 eng d
039 9 _a200301061010
_bsaid
_y200203190952
_zload
040 _aEAL
041 _aeng
_bara
090 _aThesis
_bS-1528
100 1 _aAbd El-Hamid, Mahmoud Ibrahim El Dosouki.
245 1 0 _aPhysiological studies on possible changes that may occure in olive leaves and buds in relation to flowering
_h[microform]/
_cMahmoud Ibrahim El Dosouki Abd El-Hamid.
246 1 5 _aدراسات فسيولوجية على التغيرات المحتملة التى تحدث فى اوراق وبراعم الزيتون وعلاقتها بالتزهير.
260 _c1979.
300 _a85, 3 leaves :
_bill. ;
_c30 cm.
502 _aThesis (M.S.)--[Cairo University], 1979.
504 _aIncludes bibliographical references (leaves 69-85).
533 _aMicrofiche.
_bASUNET,
_cAin Shams University,
_e2 microfiches : negative.
546 _aSummary in Arabic.
596 _a1
650 0 _aOlive.
650 0 _aPlants, Flowering of.
650 0 _aBuds.
650 0 _aLeaves.
942 _cMIC
_2lcc
999 _c2452
_d2452